000 00525nam a2200169 i 4500
001 62919
003 ES-MaACL
005 20240511063022.0
007 t|
008 031126s1915 sp ||||1| spa d
100 1 _aFernández Navarro, Lucas,
_d1869-1930
_949953
245 1 0 _aCristalografía geométrica elemental /
_cpor Lucas Fernández Navarro.
260 _aMadrid :
_b[s.n.],
_c1915 (
_fImp. Clásica Española)
300 _a406 p. :
_bil. ;
_c22 cm.
852 _aES-MaACL
_jF-368
999 _c62919
_d62919